Datum a čas kvízu
10.5
Celkem bodů
Celkový počet nahraných bodů na tomto kvízu bez doplňovacích otázek.
14.
Pořadí na kvízu
Konečné umístění týmu na tomto kvízu.
Zaznamenané odpovědi
| # | Otázka | Odpověď | Body | Výsledky |
|---|---|---|---|---|
| 1. | V pondělí se konal ustavující... | GEN | 0 | |
| 2. | Mladý chirurg z Tchaj-peje si... | C) vasektomii (sterilizaci) | 0 | |
| 3. | Ministerstvo kultury učinilo d... | C) česká pivní kultura | 0 | |
| 4. | Jistý internetový portál nabíz... | Seznam.cz | 0 | |
| 5. | Minulý týden proběhl v estonsk... | v krasobruslení | 0 | |
| 6. | Začneme největšími společnými... | (Vše)sokolský slet, Spartakiáda | 1 | |
| 7. | Tento taneční fitness program... | zumba | 0 | |
| 8. | Cvičení na tomto „půlmíči“ je... | BOSU | 0 | |
| 9. | Jógu, přesněji řečeno hatha jó... | ásany | 0 | |
| 10. | Jak se jmenuje tato 55letá žen... | Olga Studničková (Šípková) | 0 |